Starting Lineup- Barca vs RMA CDR Final - Statistics

General Stats
  • This quiz has been taken 279 times
  • The average score is 12 of 22
Answer Stats
Hint Answer % Correct
CM Pedri
82%
RW Yamal
82%
LW Raphinha
81%
RB Koundé
80%
CB Cubarsí
71%
LB Martín
68%
ST Vinicius Jr.
67%
CM de Jong
65%
GK Courtois
64%
CAM Olmo
63%
ST Torres
57%
CB Martínez
54%
CB Rüdiger
53%
RW Rodrygo
51%
CAM Bellingham
47%
CM Valverde
44%
LB Mendy
40%
GK Szczęsny
39%
CM Tchouaméni
27%
CB Asencio
25%
RB Vázquez
18%
LW Ceballos
12%
No matching quizzes found
Score Distribution
Percent of People with Each Score
Percentile by Number Answered
Your Score History
You have not taken this quiz